banner-ar

THE TRIAL / (Record no. 5198)

MARC details
000 -الفاتح
حقل البيانات ثابتة الطول 00657nam a2200241Ia 4500
008 - عناصر البيانات ثابتة الطول - معلومات عامة
حقل البيانات ثابتة الطول 140319s9999 xx 000 0 eng d
020 ## - الرقم الدولى المعيارى للكتب
الرقم الدولى المعيارى للكتاب 1857150759
040 ## - مصدر الفهرسة
وكالة الفهرسة الأصلية GCL /
وكالة النسخ GCL
082 04 - رقم تصنيف ديوى العشرى
رقم التصنيف 833
رقم المادة K T
100 1# - المدخل الرئيسى - إسم شخصى
الإسم الشخصى KAFKA, FRANZ
245 10 - بيان العنوان
العنوان THE TRIAL /
بيان المسئوليه,etc KAFKA, FRANZ
700 1# - المدخل الاضافى - اسم شخصى
الإسم الشخصى STEINER, GEORGE
700 1# - المدخل الاضافى - اسم شخصى
الإسم الشخصى MUIR, WILLA
700 1# - المدخل الاضافى - اسم شخصى
الإسم الشخصى BUTLER, E.M.
260 ## - PUBLICATION, DISTRIBUTION, ETC. (IMPRINT)
تاريخ النشر أو التوزيع 1992
300 ## - الوصف المادى
التعداد 21 CM ؛
أبعاد الوعاء XXXIII, 299 P
490 ## - بيان السلسلة
عنوان السلسلة THE MILLENNIUM LIBRARY
رقم المجلد/ التعيين التسلسلي 75
650 04 - المدخل الاضافى بالموضوع-مصطلح موضوعى
مصطلح موضوعي LITERATURE
650 04 - المدخل الاضافى بالموضوع-مصطلح موضوعى
مصطلح موضوعي GERMAN LITERATURE
650 04 - المدخل الاضافى بالموضوع-مصطلح موضوعى
مصطلح موضوعي GERMAN LITERATURE - TRANSLATION INTO ENGLISH
942 ## - عناصر المدخل الإضافي( كوها)
مصدر التصنيف او مخطط الترفيف Dewey Decimal Classification
Koha [default] item type كتاب
260 ## - PUBLICATION, DISTRIBUTION, ETC. (IMPRINT)
-- انجلترا :
-- EVERYMAN'S LIBRARY ،
Holdings
حالة التراجع حالة الفقد حالة تلف ليس للاعارة المكان المؤقت الموقع الحالى تاريخ الاكتساب اجمالي اﻻعارات رقم الطلب الباركود تاريخ اخر مشاهدة تاريخ تفعيل السعر نوع وعاء كوها
        مكتبة القاهرة الكبرى مكتبة القاهرة الكبرى 03/26/2014   833\K T 11368 03/26/2014 03/26/2014 كتاب
        مكتبة القاهرة الكبرى مكتبة القاهرة الكبرى 03/26/2014   833\K T 11369 03/26/2014 03/26/2014 كتاب
        مكتبة القاهرة الكبرى مكتبة القاهرة الكبرى 03/26/2014   833\K T 11370 03/26/2014 03/26/2014 كتاب
        مكتبة القاهرة الكبرى مكتبة القاهرة الكبرى 03/26/2014   833\K T 11371 03/26/2014 03/26/2014 كتاب

Powered By

EGPV